000
00281nam a22001337a 4500
008
181012b xxu||||| |||| 00| 0 eng d
020
_a
041
_a
eng
080
_a
820
100
_a
21
101
_a
GJL
245
_a
In General & Particular
_c
Bowra,C.M
942
_2
udc
_c
BK
999
_c
49584
_d
49584